000
00279nam a2200121Ia 4500
008
220216s9999 xx 000 0 und d
100
_a
Thomas V
245
0
_a
Rubber marathinu karuthekan
260
_b
Karshakasree
_c
2008
300
_a
47
700
_a
Remadevi K P
942
_c
JS
999
_c
67809
_d
67809